| 000 | 01472cab a2200253 4500 | ||
|---|---|---|---|
| 001 | ABS67620 | ||
| 008 | 040402n2004 000 0 eng u | ||
| 035 | _a(Sirsi) u125735 | ||
| 100 | _aDawson, R. | ||
| 245 | _aPerformance-based management of flood defence systems | ||
| 260 | _c2004 | ||
| 490 |
_aProceedings of the Institution of Civil Engineers _v157(WM1) March 2004, 35-44(10) |
||
| 520 | _aPerformance-based asset management is a process of managing an infrastructure system in order to optimise its behaviour when evaluated against specific objectives. It enables prioritisation of investment in flood defence infrastructure construction, inspection and maintenance. It is risk-based with costs of alternative interventions in the flood defence system weighed against their benefit in terms of flood risk reduction. It also takes into account the multiple objectives for flood management, including economic efficiency, the environment and safety. The authors have developed a hierarchical flood defence system and illustrate it through a case study for the flood defence system surrounding a town. [Taken from journal abstract]. | ||
| 590 | _aABS | ||
| 650 | _aFLOOD MANAGEMENT | ||
| 650 | _aASSET MANAGEMENT | ||
| 650 |
_aInfrastructure _96246 |
||
| 650 | _aFLOOD DEFENCES | ||
| 650 | _aPERFORMANCE INDICATORS | ||
| 690 | _aENVIRONMENTAL AND LAND CONSULTANCY-ENVIRONMENTAL MANAGEMENT | ||
| 700 | _aHall, J. | ||
| 700 | _aDavis, J. | ||
| 942 | _n0 | ||
| 999 |
_c74354 _d74354 |
||